000 00610nam a22002297a 4500
003 UA-OsUOA
001 98883
007 ta
008 20130419b un ||||| |||| 00| 0 ukr d
100 _aРони-Старший Ж.
090 _a821.133.1
_bР71
942 _cBK
040 _aUA-OsUOA
_brus
_cUA-OsUOA
_dUA-OsUOA
245 _aВамирэх
300 _a94 с.
955 _a3
041 _arus
080 _a821.133.1
260 _aМ.
_bГеографическая литература
_c1959
650 7 _a82 Література. Літературознавство
_2UDC
999 _c385234
_d385234